Datum a čas kvízu
24
Celkem bodů
Celkový počet nahraných bodů na tomto kvízu bez doplňovacích otázek.
4.
Pořadí na kvízu
Konečné umístění týmu na tomto kvízu.
Zaznamenané odpovědi
| # | Otázka | Odpověď | Body | Výsledky |
|---|---|---|---|---|
| 1. | Jak se jmenuje stránka na česk... | Wikipedia | 0 | |
| 2. | Prezident Kazachstánu, který b... | Nursultan Nazarbajev | 0 | |
| 3. | Na první jarní den měla premié... | LOVEní | 0 | |
| 4. | Novou odrůdu meruněk jménem So... | šarka | 1 | |
| 5. | Obhájce hokejového titulu Kome... | Martin Zaťovič | 0 | |
| 6. | Dnešní cestovatelské téma se b... | Córdoba | 0 | |
| 7. | Jak se jmenuje velmi známý špa... | Luis Buñuel | 0 | |
| 8. | Když si vzpomenete na jednu zn... | Malagelo | 1 | |
| 9. | Nad městem Granada se vypíná h... | Alhambra | 0 | |
| 10. | Na obrázku vidíte radnici v př... | Juan Carlos I. | 0 |